| 000 | 00388nam a2200145 i 4500 | ||
|---|---|---|---|
| 001 | 96224 | ||
| 003 | ES-MaACL | ||
| 007 | t| | ||
| 008 | 050614s1916 fr ||||1| fre d | ||
| 100 | 1 |
_aMaeterlinck, Maurice. _975418 |
|
| 245 | 1 | 4 |
_aLes débris de la guerre / _cMaurice Maeterlinck. |
| 260 |
_aParis : _bE. Fasquelle, _c1916. |
||
| 300 |
_a274 p. ; _c19 cm. |
||
| 852 |
_aES-MaACL _jG-3189 |
||
| 999 |
_c96224 _d96224 |
||